|
|
|
|
| LEADER |
00000nab a2200000 a 4500 |
| 001 |
vtls009481486 |
| 003 |
SK-MaSNL |
| 005 |
20260304153156.0 |
| 008 |
250506c2009 xo mr|p|||||||000 b|slo |
| 015 |
|
|
|a SNBRB2009/03
|2 snkbucl
|
| 035 |
|
|
|a (sysno)vtls009481486
|
| 035 |
|
|
|a urn:nbn:sk:snk-ab6im1
|
| 035 |
|
|
|a (uuid)92d233d5-f80d-4b28-85a9-b1ce78636ba9
|
| 035 |
|
|
|a (urnnbn)urn:nbn:sk:snk:ar-0042ms
|
| 038 |
|
|
|a SNKBUCL
|
| 040 |
|
|
|a SNKBUCL
|b slo
|c SNKBUCL
|e AACR2
|
| 041 |
0 |
|
|a slo
|
| 044 |
|
|
|a xo
|c SK
|
| 080 |
|
|
|a 008
|x (437.6)
|2 2001
|
| 245 |
0 |
0 |
|a Košické Kasárne - Kulturpark
|c [autor] (red.)
|
| 300 |
|
|
|b Fotogr.
|
| 610 |
2 |
7 |
|a Interface 2013 (projekt)
|2 snkbucl
|9 1306359
|
| 610 |
2 |
7 |
|a Európske hlavné mesto kultúry 2013
|2 snkbucl
|9 168570
|
| 610 |
2 |
7 |
|a Kasárne Kulturpark (Košice, Slovensko)
|2 snkbucl
|9 1035716
|
| 651 |
|
7 |
|a Košice (Slovensko)
|2 snkbucl
|9 18694
|
| 773 |
0 |
|
|t KOD
|g Roč. 3, č. 1 (2009), s. 33-34
|x 1337-1800
|
| 850 |
|
|
|a Slovenská národná knižnica
|
| 852 |
|
|
|a Slovenská národná knižnica
|
| 954 |
|
|
|a odborná, vedecká literatúra pôvodná (slovenská)
|2 lita
|
| 958 |
|
|
|a article2022
|
| 958 |
|
|
|a SK
|
| 958 |
|
|
|a OND
|
| 958 |
|
|
|a EUIPO
|
| 999 |
|
|
|c 2952769
|d 2954699
|